Pravda o mléce - jak ji potvrzuje věda

Salvato in:
Dettagli Bibliografici
Autore principale: Průchová, Jarmila
Natura: Libro
Lingua:ceco
Pubblicazione: Hradec Králové Svítání 2003
Edizione:1. vyd.
Serie:Svět energií
Soggetti:
Accesso online:Visualizza in OPAC
Tags: Aggiungi Tag
Nessun Tag, puoi essere il primo ad aggiungerne!!

MARC

LEADER 00000nam a2200000 a 4500
005 20260127134334.0
008 050121 2003 xr 000 0 cze d
020 |a 8086198294 
035 |a vtls001489857 
039 9 |a 200612131358  |b mschk04  |c 200502101104  |d mschk04  |y 200501211029  |z mschk03 
040 |a STUSCHK1  |b slo  |c STUSCHK1  |e AACR2 
080 |a 637.12 
100 1 |a Průchová, Jarmila 
245 1 |a Pravda o mléce - jak ji potvrzuje věda 
250 |a 1. vyd. 
260 |a Hradec Králové  |b Svítání  |c 2003 
300 |a 116 s. 
490 0 |a Svět energií 
650 0 |a mlieko  |x zdravie 
910 |a SCHK95 
919 |a 80-86198-29-4 
999 |c 10226  |d 10226